[Event "?"]
[Site "ICC 5 5 04/19/98, Internet Ch"]
[Date "1998.??.??"]
[Round "?"]
[White "Brause"]
[Black "JoseRaul"]
[Result "0-1"]
[WhiteElo "2630"]
[BlackElo "2540"]
[PlyCount "95"]

1. e4 e5 2. Nf3 Nc6 3. Nc3 Nf6 4. Nxe5 Nxe5 5. d4 Ng6 6. e5 Ng8 7. Bc4 Bb4 8.
Qf3 Qe7 9. O-O Bxc3 10. bxc3 Nh6 11. g3 O-O 12. Bxh6 gxh6 13. Rab1 Kg7 14. Rfe1
c6 15. Kh1 d5 16. exd6 Qxd6 17. Kg1 Rb8 18. Re2 b5 19. Bd3 Bd7 20. Ra1 a5 21.
Rae1 Rbe8 22. h4 Rxe2 23. Rxe2 Re8 24. Rxe8 Bxe8 25. Qe3 Qe6 26. c4 Qxe3 27.
fxe3 b4 28. c5 Bd7 29. Bc4 Be6 30. Bb3 Bxb3 31. cxb3 f5 32. Kf2 Kf6 33. Kf1 Ne7
34. Ke2 Nd5 35. Kd3 Ke6 36. Kd2 h5 37. Kd3 Nf6 38. Ke2 Ne4 39. Kd3 Nxg3 40. Kd2
Ne4+ 41. Kc2 Kd5 42. Kd1 Nc3+ 43. Kd2 Nxa2 44. Kd3 Nc3 45. Kc2 Ne4 46. Kd1 f4
47. exf4 Kxd4 48. Kc2 0-1

[Event "?"]
[Site "ICC 5 5 04/19/98, Internet Ch"]
[Date "1998.??.??"]
[Round "?"]
[White "Brause"]
[Black "JoseRaul"]
[Result "1/2-1/2"]
[WhiteElo "2625"]
[BlackElo "2560"]
[PlyCount "115"]

1. e4 e5 2. Nf3 Nc6 3. Nc3 Nf6 4. Nxe5 Nxe5 5. d4 Ng6 6. e5 Ng8 7. Bc4 Bb4 8.
Qf3 Bxc3+ 9. bxc3 Qe7 10. O-O Nh6 11. g3 O-O 12. Re1 d5 13. Bxd5 c6 14. Be4 Bg4
15. Qd3 f5 16. Bg2 f4 17. Be4 Bf5 18. Bxf4 Nxf4 19. gxf4 Bxe4 20. Rxe4 Rf5 21.
Rb1 Raf8 22. d5 Rxf4 23. Rxf4 Rxf4 24. dxc6 bxc6 25. Qd6 Qxd6 26. exd6 Kf7 27.
c4 Ke6 28. c5 Rf7 29. Re1+ Kd7 30. c3 Ng4 31. f4 Nf6 32. f5 Nd5 33. c4 Nb4 34.
Re3 Rxf5 35. Re7+ Kd8 36. Rxg7 Rxc5 37. Rxh7 a5 38. h4 Rxc4 39. h5 Nd5 40. h6
Rg4+ 41. Kf2 Nf6 42. Rf7 Rg6 43. h7 Nxh7 44. Rxh7 Rxd6 45. Ke3 Rd7 46. Rh5 Ra7
47. Kd4 a4 48. Rh8+ Kc7 49. Rh7+ Kb6 50. Rxa7 Kxa7 51. Kc5 Kb7 52. Kb4 Kb6 53.
Kxa4 c5 54. a3 Ka6 55. Kb3 Kb5 56. a4+ Ka5 57. Kc4 Kxa4 58. Kxc5 1/2-1/2

[Event "?"]
[Site "ICC 5 10 01/21/98, Internet C"]
[Date "1998.??.??"]
[Round "?"]
[White "Brause"]
[Black "Outrachess"]
[Result "1-0"]
[WhiteElo "2535"]
[BlackElo "1835"]
[PlyCount "37"]

1. e4 e5 2. Nf3 Nc6 3. Nc3 Nf6 4. Nxe5 Nxe5 5. d4 Nc6 6. d5 Ne5 7. f4 Ng6 8. e5
Ng8 9. d6 cxd6 10. exd6 Qf6 11. Nb5 Rb8 12. Be3 b6 13. Qe2 Kd8 14. O-O-O Nh6
15. Qc4 Rb7 16. Nxa7 Bxd6 17. Qxc8+ Ke7 18. Qxb7 Nxf4 19. Nc6+ 1-0

[Event "?"]
[Site "ICC 5 10 01/21/98, Internet C"]
[Date "1998.??.??"]
[Round "?"]
[White "Brause"]
[Black "Outrachess"]
[Result "1-0"]
[WhiteElo "2545"]
[BlackElo "1835"]
[PlyCount "164"]

1. e4 e5 2. Nf3 Nc6 3. Nc3 Nf6 4. Nxe5 Nxe5 5. d4 Nc6 6. d5 Ne5 7. f4 Ng6 8. e5
Ng8 9. d6 cxd6 10. exd6 Qf6 11. Nb5 Rb8 12. Be3 b6 13. Qe2 Kd8 14. O-O-O Ba6
15. Re1 Qe6 16. f5 Bxb5 17. Qxb5 Qxd6 18. fxg6 Qxg6 19. Qa4 Rb7 20. Ba6 Rc7 21.
Re2 Bd6 22. g3 Ne7 23. Rhe1 Be5 24. Kb1 d6 25. Bf2 f6 26. Be3 Nd5 27. Bf2 Ne7
28. Bg1 h5 29. Ka1 d5 30. Bf2 Qg4 31. Qb3 Qh3 32. Qb4 Qg4 33. Qa3 Ke8 34. Bb5+
Kf7 35. Qb3 Rb8 36. Bd3 Kf8 37. Kb1 Rbc8 38. Be3 h4 39. gxh4 Qxh4 40. Bd2 Kg8
41. Bb4 Rd8 42. Be4 Rdc8 43. Bxe7 Rxe7 44. Bxd5+ Kf8 45. Be6 Rc5 46. h3 Qd4 47.
Re4 Qd2 48. Bg8 Rd7 49. a3 Rdc7 50. R4e2 Qd7 51. a4 Qd4 52. Bh7 Qc4 53. Qa3 Re7
54. Bd3 Qe6 55. Bg6 Qd5 56. Re3 Qd2 57. Qb3 Rec7 58. Bd3 Qf2 59. Ka2 Rd7 60.
R1e2 Qf1 61. Qb4 Rd6 62. Re1 Qg2 63. Qh4 Qd5+ 64. c4 Qg2 65. Qh8+ Kf7 66. Qh5+
Ke7 67. R1e2 Qg1 68. Qf3 Qg5 69. Rg2 Qh6 70. Rg6 Rxd3 71. Rxh6 Rxe3 72. Qxe3
gxh6 73. Qxh6 Rxc4 74. Qg7+ Kd6 75. Qxa7 Kc6 76. Qa6 Rh4 77. Qc8+ Kd6 78. b4
Rf4 79. Qd8+ Kc6 80. Qa8+ Kd7 81. b5 Bd6 82. Kb3 f5 1-0

[Event "?"]
[Site "ICC 5 10 02/20/98, Internet C"]
[Date "1998.??.??"]
[Round "?"]
[White "Brause"]
[Black "riky"]
[Result "0-1"]
[WhiteElo "2560"]
[BlackElo "2570"]
[PlyCount "85"]

1. e4 e5 2. Nf3 Nc6 3. Nc3 Nf6 4. Nxe5 Nxe5 5. d4 Ng6 6. e5 Ng8 7. Bc4 Bb4 8.
Qf3 Bxc3+ 9. bxc3 Qe7 10. O-O Nh6 11. g3 O-O 12. Qh5 d5 13. exd6 cxd6 14. Bxh6
gxh6 15. Rfb1 Qc7 16. Qb5 Be6 17. Bxe6 fxe6 18. Qxb7 Qxc3 19. Qe4 Kh8 20. Re1
Rac8 21. Rac1 e5 22. dxe5 Nxe5 23. Red1 Qc5 24. Qe3 Nf3+ 25. Kg2 Qc6 26. Kf1
Nxh2+ 27. Kg1 Rce8 28. Qd4+ Re5 29. Rd3 Nf3+ 30. Rxf3 Rxf3 31. Rb1 Rf8 32. Rd1
Qc5 33. f4 Qxd4+ 34. Rxd4 Re2 35. Rxd6 Rxc2 36. a3 Rb8 37. Rd1 Rb3 38. Kh1 Rxg3
39. Rd8+ Kg7 40. Rd7+ Kf6 41. a4 Ra3 42. Rd1 Raa2 43. a5 0-1

[Event "?"]
[Site "ICC 5 10 02/20/98, Internet C"]
[Date "1998.??.??"]
[Round "?"]
[White "Brause"]
[Black "riky"]
[Result "1/2-1/2"]
[WhiteElo "2530"]
[BlackElo "2600"]
[PlyCount "131"]

1. e4 e5 2. Nf3 Nc6 3. Nc3 Nf6 4. Nxe5 Nxe5 5. d4 Ng6 6. e5 Ng8 7. Bc4 Bb4 8.
Qf3 Bxc3+ 9. bxc3 Qe7 10. O-O Nh6 11. g3 O-O 12. Qh5 d5 13. exd6 cxd6 14. Bxh6
gxh6 15. Qxh6 Qc7 16. Bb3 Qxc3 17. Rad1 Be6 18. Rd3 Qa5 19. h4 Bg4 20. f3 Qh5
21. Qxh5 Bxh5 22. Re3 Rfe8 23. Rxe8+ Rxe8 24. g4 Nxh4 25. gxh5 Nf5 26. Rd1 Ng7
27. h6 Nf5 28. Kf2 Kf8 29. c3 Rc8 30. Bc2 Nxh6 31. Bxh7 Rxc3 32. Be4 b5 33. Rh1
Kg7 34. Rh5 Ra3 35. Rxb5 Rxa2+ 36. Ke3 Kf6 37. Kf4 Ra4 38. Ke3 Ng8 39. Rb7 Ne7
40. d5 Nf5+ 41. Bxf5 Kxf5 42. Rxf7+ Ke5 43. f4+ Kxd5 44. Re7 Ra3+ 45. Ke2 a5
46. f5 Rg3 47. Ra7 Ke5 48. Rxa5+ d5 49. f6 Rg5 50. f7 Rf5 51. Ra7 Ke6 52. Ke3
Rxf7 53. Rxf7 Kxf7 54. Kd4 Ke6 55. Ke3 Ke5 56. Kd3 d4 57. Ke2 Ke4 58. Kd2 d3
59. Kd1 Ke3 60. Ke1 Kd4 61. Kd2 Kc4 62. Kd1 Kc3 63. Kc1 Kd4 64. Kd2 Ke4 65. Kd1
Kd4 66. Kd2 1/2-1/2

[Event "?"]
[Site "ICC 5 10 03/06/98, Internet C"]
[Date "1998.??.??"]
[Round "?"]
[White "Brause"]
[Black "riky"]
[Result "0-1"]
[WhiteElo "2540"]
[BlackElo "2420"]
[PlyCount "111"]

1. e4 e5 2. Nf3 Nc6 3. Nc3 Nf6 4. Nxe5 Nxe5 5. d4 Ng6 6. e5 Ng8 7. Bc4 Bb4 8.
Qf3 Bxc3+ 9. bxc3 Qe7 10. O-O Nh6 11. g3 O-O 12. Qh5 d5 13. Bxd5 Bg4 14. Qg5 c6
15. Qxe7 Nxe7 16. Bg2 Nd5 17. Bd2 Be2 18. Rfe1 Bc4 19. Rab1 b5 20. a4 bxa4 21.
Ra1 Bb5 22. Bxh6 gxh6 23. c4 Bxc4 24. Rxa4 Bb5 25. Ra5 a6 26. Bf3 Rad8 27. Re4
Rfe8 28. Rh4 Nc3 29. Ra3 Ne2+ 30. Bxe2 Bxe2 31. Re4 Bb5 32. Rg4+ Kf8 33. Rf4 c5
34. c3 h5 35. Ra5 cxd4 36. cxd4 Kg7 37. Ra2 Rd5 38. Rc2 Red8 39. Rc7 R8d7 40.
Rxd7 Bxd7 41. Kf1 a5 42. Ke1 a4 43. Rf3 Rxd4 44. Re3 Bb5 45. e6 fxe6 46. h4 Kf6
47. Rc3 Rd3 48. Rc5 Be8 49. Rc2 a3 50. Rc8 Ba4 51. Ra8 Bc6 52. Rxa3 Rxa3 53.
Ke2 Bf3+ 54. Kd2 Ke5 55. Kc2 Kd4 56. Kb2 0-1

[Event "?"]
[Site "ICC 5 10 02/27/98, Internet C"]
[Date "1998.??.??"]
[Round "?"]
[White "Brause"]
[Black "riky"]
[Result "0-1"]
[WhiteElo "2620"]
[BlackElo "2555"]
[PlyCount "103"]

1. e4 e5 2. Nf3 Nc6 3. Nc3 Nf6 4. Nxe5 Nxe5 5. d4 Ng6 6. e5 Ng8 7. Bc4 Bb4 8.
Qf3 Bxc3+ 9. bxc3 Qe7 10. O-O Nh6 11. g3 O-O 12. Qh5 d5 13. exd6 cxd6 14. Bxh6
gxh6 15. Qf3 Be6 16. Rfe1 Qd7 17. Bb3 Rac8 18. Re3 d5 19. Rae1 Kg7 20. Qh5 Rfd8
21. Qe2 Rc7 22. Kh1 Rdc8 23. Qf3 b5 24. Rg1 a5 25. a3 a4 26. Ba2 Bg4 27. Qxd5
Rxc3 28. Rg2 Rxc2 29. f3 Rxg2 30. Kxg2 Bh3+ 31. Kf2 Rc2+ 32. Re2 Rxe2+ 33. Kxe2
Qe7+ 34. Kd2 Be6 35. Qxb5 Bxa2 36. Qxa4 Qb7 37. Ke3 Qb2 38. Qb4 Qxh2 39. Qd2
Qg1+ 40. Qf2 Qc1+ 41. Qd2 Qxa3+ 42. Kf2 Bd5 43. Qe2 h5 44. Kg2 h4 45. Qf2 hxg3
46. Kxg3 Qd6+ 47. Kg2 Qf4 48. Kh1 Bxf3+ 49. Kg1 Qg4+ 50. Kf1 Nf4 51. Qc2 Qg3
52. Qf2 0-1

[Event "?"]
[Site "ICC 5 10 01/29/98, Internet C"]
[Date "1998.??.??"]
[Round "?"]
[White "Brause"]
[Black "Abner"]
[Result "*"]
[WhiteElo "2495"]
[BlackElo "2590"]
[PlyCount "31"]

1. e4 e5 2. Nf3 Nc6 3. Nc3 Nf6 4. Nxe5 Nxe5 5. d4 Nc6 6. d5 Ne5 7. f4 Ng6 8. e5
Ng8 9. d6 cxd6 10. exd6 Qf6 11. Nb5 Kd8 12. Be3 Qxb2 13. Bd4 Qb4+ 14. c3 Qb2
15. Rb1 Qxa2 16. g3 *

[Event "?"]
[Site "ICC 5 12 02/26/98, Internet C"]
[Date "1998.??.??"]
[Round "?"]
[White "Brause"]
[Black "Fabrizio"]
[Result "0-1"]
[WhiteElo "2635"]
[BlackElo "2580"]
[PlyCount "115"]

1. e4 e5 2. Nf3 Nc6 3. Nc3 Nf6 4. Nxe5 Nxe5 5. d4 Ng6 6. e5 Ng8 7. Bc4 d5 8.
Bxd5 c6 9. Be4 Be6 10. f4 Nh6 11. Qd3 Qd7 12. O-O Bf5 13. Bd2 Rd8 14. Rf2 Bxe4
15. Nxe4 Qxd4 16. Nd6+ Rxd6 17. exd6 Qxd3 18. cxd3 Bxd6 19. f5 Ne5 20. Bxh6
gxh6 21. d4 Nc4 22. Re2+ Kd7 23. Rae1 Rg8 24. h3 h5 25. b3 Nb6 26. Rf1 Nd5 27.
Rf3 h4 28. Re4 Bg3 29. Kf1 b5 30. a3 a5 31. Kg1 Ra8 32. Rf1 a4 33. b4 Rg8 34.
Rf3 Rg5 35. Rf1 Ne7 36. Re3 Nxf5 37. Rd3 Nd6 38. Rf6 Rg6 39. Rf1 Rg5 40. Rf6
Ke7 41. Rh6 Kf8 42. Rxg3 Rxg3 43. Rxd6 Rxa3 44. Rxc6 Rb3 45. d5 Rxb4 46. d6 Ke8
47. Ra6 Rb3 48. Ra7 a3 49. Re7+ Kd8 50. Ra7 b4 51. Ra8+ Kd7 52. Ra7+ Kxd6 53.
Kf2 Rb2+ 54. Ke3 a2 55. Kd4 b3 56. Ra6+ Ke7 57. Kc3 Rb1 58. Ra7+ 0-1

[Event "?"]
[Site "ICC 5 12 02/26/98, Internet C"]
[Date "1998.??.??"]
[Round "?"]
[White "Brause"]
[Black "Fabrizio"]
[Result "1/2-1/2"]
[WhiteElo "2620"]
[BlackElo "2585"]
[PlyCount "187"]

1. e4 e5 2. Nf3 Nc6 3. Nc3 Nf6 4. Nxe5 Nxe5 5. d4 Ng6 6. e5 Ng8 7. Bc4 d5 8.
Bxd5 c6 9. Be4 Be6 10. f4 Nh6 11. Qd3 Qd7 12. O-O Bf5 13. d5 cxd5 14. Nxd5 Bc5+
15. Be3 Bxe3+ 16. Qxe3 O-O 17. Rad1 Qa4 18. Bxf5 Nxf5 19. Qd3 Nge7 20. c4 Qa6
21. Kh1 Nxd5 22. cxd5 Qxd3 23. Rxd3 h5 24. d6 Rfd8 25. Rc1 Rac8 26. Rc7 g6 27.
Rdc3 Nxd6 28. exd6 Rxc7 29. Rxc7 Rxd6 30. h3 Rb6 31. b3 h4 32. Kg1 Rb4 33. f5
gxf5 34. Rc5 Rf4 35. a3 Kg7 36. Rc7 a5 37. Rxb7 Rd4 38. Rb5 Rd3 39. Rxf5 Rxb3
40. Rxa5 Kg6 41. Ra6+ Kg5 42. a4 Ra3 43. a5 f5 44. Ra8 Kf4 45. a6 Kg3 46. Rg8+
Kf4 47. Rg6 Ra2 48. Kh2 Ra4 49. Re6 Ra1 50. Rh6 Kg5 51. Rc6 f4 52. Re6 Kf5 53.
Rh6 Kg5 54. Rd6 Kf5 55. Rb6 Kg5 56. Rc6 Kf5 57. Rc5+ Kg6 58. Rc4 Kg5 59. Rc2
Rxa6 60. Kg1 Ra5 61. Kf2 Rb5 62. Ke2 Ra5 63. Kf3 Ra3+ 64. Kf2 Ra5 65. Ke2 Rb5
66. Rc7 Rb2+ 67. Kf3 Rb3+ 68. Kf2 Rb2+ 69. Kg1 Rb1+ 70. Kh2 Ra1 71. Rc5+ Kg6
72. Rc2 Kg5 73. Rc8 Ra6 74. Kg1 Ra1+ 75. Kf2 Ra2+ 76. Kf3 Ra3+ 77. Ke4 Ra4+ 78.
Ke5 Ra5+ 79. Ke6 Ra6+ 80. Kd5 Ra5+ 81. Kc4 Ra4+ 82. Kb3 Ra6 83. Rc5+ Kg6 84.
Rd5 Re6 85. Kc2 Re2+ 86. Rd2 Rxd2+ 87. Kxd2 Kf5 88. Ke1 Ke5 89. Ke2 Ke4 90. Kf2
Ke5 91. Ke1 Ke4 92. Kf2 Ke5 93. Kf3 Kf5 94. Kf2 1/2-1/2

[Event "?"]
[Site "ICC 5 12 03/09/98, Internet C"]
[Date "1998.??.??"]
[Round "?"]
[White "Brause"]
[Black "Akib"]
[Result "1-0"]
[WhiteElo "2595"]
[BlackElo "2455"]
[PlyCount "89"]

1. e4 e5 2. Nf3 Nc6 3. Nc3 Nf6 4. Nxe5 Nxe5 5. d4 Ng6 6. e5 Ng8 7. Bc4 d5 8.
Bxd5 c6 9. Bb3 Be6 10. O-O Bxb3 11. axb3 Qd7 12. Ne4 f5 13. exf6 Nxf6 14. Nxf6+
gxf6 15. Re1+ Kf7 16. Be3 a6 17. b4 Bg7 18. Qd3 f5 19. Ra5 b5 20. Qb3+ Qd5 21.
c4 Qxc4 22. Qxc4+ bxc4 23. Rxf5+ Ke6 24. Rc5 Kd7 25. Rc1 Ne7 26. R1xc4 Nd5 27.
Rxc6 Rhc8 28. R6c5 Nb6 29. Rc3 Bf8 30. Rh5 Bxb4 31. Rxh7+ Ke8 32. Rh8+ Kf7 33.
Rcxc8 Rxc8 34. Rxc8 Nxc8 35. h4 Nb6 36. b3 Nd5 37. g4 Ne7 38. h5 Kf6 39. f4 Nd5
40. Kf2 Bf8 41. h6 Kg6 42. f5+ Kf6 43. Bc1 Nb4 44. Kf3 Nd3 45. Be3 1-0

[Event "?"]
[Site "ICC r 2 0, Internet Chess Clu"]
[Date "1998.??.??"]
[Round "?"]
[White "Jakob, Steffen"]
[Black "Mower"]
[Result "1-0"]
[WhiteElo "1815"]
[BlackElo "2825"]
[PlyCount "31"]

1. e4 e5 2. Nf3 Nc6 3. Nc3 Nf6 4. Nxe5 Nxe5 5. d4 Ng6 6. e5 Ng8 7. Bc4 Bb4 8.
Qf3 f6 9. exf6 Nxf6 10. O-O d6 11. Re1+ Kf8 12. Bg5 d5 13. Nxd5 Bxe1 14. Rxe1
Qd6 15. Nxf6 Bd7 16. Nxd7# 1-0

[Event "?"]
[Site "ICC r 2 1, Internet Chess Clu"]
[Date "1998.??.??"]
[Round "?"]
[White "Jakob, Steffen"]
[Black "bronze"]
[Result "1-0"]
[WhiteElo "1850"]
[BlackElo "1720"]
[PlyCount "41"]

1. e4 e5 2. Nf3 Nc6 3. Nc3 Nf6 4. Nxe5 Nxe5 5. d4 Nc6 6. d5 Ne5 7. f4 Ng6 8. e5
Ng8 9. d6 cxd6 10. exd6 Qb6 11. f5 Ne5 12. Qe2 Bxd6 13. Nd5 Qa5+ 14. Nc3 Nf6
15. Bd2 O-O 16. Ne4 Qb6 17. Nxf6+ gxf6 18. O-O-O Re8 19. Bh6 Bf8 20. Qd2 Nc4
21. Bxc4 1-0

[Event "?"]
[Site "ICC r 2 1, Internet Chess Clu"]
[Date "1998.??.??"]
[Round "?"]
[White "Jakob, Steffen"]
[Black "PROSS"]
[Result "1-0"]
[WhiteElo "1760"]
[BlackElo "1670"]
[PlyCount "25"]

1. Nc3 e5 2. Nf3 Nc6 3. e4 Nf6 4. Nxe5 Nxe5 5. d4 Nc6 6. d5 Ne5 7. f4 Ng6 8. e5
Ng8 9. d6 cxd6 10. exd6 Qb6 11. Nb5 Kd8 12. f5 Nh4 13. Bg5+ 1-0

[Event "?"]
[Site "ICC r 5 0, Internet Chess Clu"]
[Date "1998.??.??"]
[Round "?"]
[White "Jakob, Steffen"]
[Black "hamberger"]
[Result "1-0"]
[WhiteElo "1990"]
[BlackElo "1960"]
[PlyCount "41"]

1. e4 e5 2. Nf3 Nc6 3. Nc3 Nf6 4. Nxe5 Nxe5 5. d4 Nxe4 6. Nxe4 Ng6 7. Bd3 Be7
8. O-O d5 9. Ng3 O-O 10. c3 Bd6 11. Qh5 Be6 12. f4 f5 13. Bxf5 Qf6 14. Bxe6+
Qxe6 15. f5 Bxg3 16. fxe6 Rxf1+ 17. Kxf1 Rf8+ 18. Kg1 Bf2+ 19. Kh1 Be1 20. Be3
Rf1+ 21. Bg1 1-0

[Event "?"]
[Site "ICC u 3 0 02/13/98, Internet "]
[Date "1998.??.??"]
[Round "?"]
[White "Brause"]
[Black "BlueFlame"]
[Result "1-0"]
[WhiteElo "2625"]
[BlackElo "2760"]
[PlyCount "44"]

1. e4 e5 2. Nf3 Nc6 3. Nc3 Nf6 4. Nxe5 Nxe5 5. d4 Nc6 6. d5 Ne5 7. f4 Ng6 8. e5
Ng8 9. d6 cxd6 10. exd6 Qf6 11. Nb5 Rb8 12. Be3 b6 13. Qe2 Kd8 14. O-O-O Ba6
15. Re1 Bxb5 16. Bxb6+ Kc8 17. Qxb5 Qxf4+ 18. Kb1 axb6 19. Re8+ Kb7 20. Qxd7+
Ka8 21. Ba6 Qe4 22. Rxe4 b5 1-0

[Event "?"]
[Site "ICC u 3 0 02/24/98, Internet "]
[Date "1998.??.??"]
[Round "?"]
[White "Brause"]
[Black "Mink"]
[Result "0-1"]
[WhiteElo "2575"]
[BlackElo "1650"]
[PlyCount "97"]

1. e4 e5 2. Nf3 Nc6 3. Nc3 Nf6 4. Nxe5 Nxe5 5. d4 Ng6 6. e5 Ng8 7. Bc4 d6 8.
Qf3 Qd7 9. O-O dxe5 10. dxe5 Nxe5 11. Re1 Bd6 12. Bf4 f6 13. Bb5 c6 14. Rad1
Qe6 15. Qg3 Kf7 16. Ba4 Qe7 17. Ne4 Bc7 18. Qc3 Be6 19. Nc5 Bg4 20. Rc1 Rb8 21.
h3 Bf5 22. Bb3+ Kf8 23. g4 Bc8 24. Re3 g5 25. Ne6+ Bxe6 26. Bxe5 fxe5 27. Rxe5
Bxe5 28. Qxe5 Rd8 29. Qxh8 Bxb3 30. axb3 Rd2 31. Qc3 Re2 32. Qd3 Nf6 33. Qf5
Re5 34. Qf3 Kg7 35. Ra1 Re1+ 36. Rxe1 Qxe1+ 37. Kg2 Nd5 38. Kh2 Qe5+ 39. Qg3
Qxb2 40. c4 Nf4 41. h4 h6 42. Qe3 Kf7 43. Kg3 Qa1 44. Kh2 Qd1 45. Qg3 Ne2 46.
Qc7+ Kg6 47. Kg2 Nf4+ 48. Qxf4 gxf4 49. f3 0-1

[Event "?"]
[Site "ICC u 5 0 04/21/98, Internet "]
[Date "1998.??.??"]
[Round "?"]
[White "Brause"]
[Black "Filthy-Animal"]
[Result "1-0"]
[WhiteElo "2630"]
[BlackElo "2570"]
[PlyCount "91"]

1. e4 e5 2. Nf3 Nc6 3. Nc3 Nf6 4. Nxe5 Nxe5 5. d4 Nc6 6. d5 Bb4 7. dxc6 Nxe4 8.
Qd4 Qe7 9. Be3 Bxc3+ 10. bxc3 dxc6 11. Qxg7 Qf6 12. Qxf6 Nxf6 13. Bd4 Ke7 14.
Bd3 Rg8 15. O-O Be6 16. Rfb1 b6 17. Re1 c5 18. Bxf6+ Kxf6 19. Bxh7 Rg7 20. Be4
Rd8 21. a4 a5 22. Rad1 Rgg8 23. Rxd8 Rxd8 24. h4 Bd7 25. Ra1 Re8 26. f3 Ke5 27.
Bd3 Kf4 28. Kf2 Rg8 29. Bc4 Rg7 30. Bb3 Kf5 31. Rd1 Bc6 32. c4 f6 33. Re1 Rd7
34. c3 Rd2+ 35. Re2 Rxe2+ 36. Kxe2 Kg6 37. g4 Kh6 38. f4 Bd7 39. f5 Bc6 40. Ke3
Bh1 41. Kf4 Bc6 42. g5+ Kg7 43. h5 fxg5+ 44. Kxg5 Be4 45. h6+ Kh7 46. f6 1-0

[Event "?"]
[Site "ICC u 4 14 02/02/98, Internet"]
[Date "1998.??.??"]
[Round "?"]
[White "Brause"]
[Black "Robo-GM"]
[Result "1-0"]
[WhiteElo "2610"]
[BlackElo "2810"]
[PlyCount "43"]

1. e4 e5 2. Nf3 Nc6 3. Nc3 Nf6 4. Nxe5 Nxe5 5. d4 Nc6 6. d5 Ne5 7. f4 Ng6 8. e5
Ng8 9. d6 cxd6 10. exd6 Qa5 11. h4 h5 12. Qd4 Nh6 13. Bd2 Qb6 14. Qe4+ Kd8 15.
Nb5 Bxd6 16. O-O-O Re8 17. Qf3 Be7 18. Qxh5 Rh8 19. f5 Ng8 20. Qg4 Rxh4 21.
Rxh4 Nxh4 22. Qxg7 1-0

[Event "?"]
[Site "ICC u 5 14 02/02/98, Internet"]
[Date "1998.??.??"]
[Round "?"]
[White "Brause"]
[Black "Robo-GM"]
[Result "0-1"]
[WhiteElo "2610"]
[BlackElo "2810"]
[PlyCount "51"]

1. e4 e5 2. Nf3 Nc6 3. Nc3 Nf6 4. Nxe5 Nxe5 5. d4 Nc6 6. d5 Ne5 7. f4 Ng6 8. e5
Ng8 9. d6 cxd6 10. exd6 Qa5 11. h4 h5 12. Qd4 Kd8 13. Bb5 Qb6 14. Qxb6+ axb6
15. f5 Ne5 16. Be3 Bxd6 17. Bxb6+ Bc7 18. Bxc7+ Kxc7 19. Nd5+ Kb8 20. O-O Rh6
21. Rae1 d6 22. a3 Nf6 23. Nb6 Ra7 24. c4 Kc7 25. Nxc8 Kxc8 26. Re2 0-1

[Event "?"]
[Site "ICC u 2 15 04/22/98, Internet"]
[Date "1998.??.??"]
[Round "?"]
[White "Brause"]
[Black "OneManGang"]
[Result "0-1"]
[WhiteElo "2570"]
[BlackElo "1780"]
[PlyCount "96"]

1. e4 e5 2. Nf3 Nc6 3. Nc3 Nf6 4. Nxe5 Nxe5 5. d4 Ng6 6. e5 Ng8 7. Bc4 Bb4 8.
Qf3 Bxc3+ 9. bxc3 Qe7 10. O-O Rb8 11. Re1 b6 12. Qg3 h6 13. h4 b5 14. Rb1 Rb6
15. Rxb5 Rxb5 16. e6 dxe6 17. Bxb5+ Bd7 18. Bxd7+ Kxd7 19. h5 Nh4 20. Qe5 Nf6
21. Qb5+ c6 22. Qb7+ Ke8 23. Qxc6+ Kf8 24. Qa8+ Ne8 25. Re5 g6 26. g3 Nf5 27.
hxg6 Kg7 28. gxf7 Ned6 29. Qf3 Qxf7 30. Qe2 Rc8 31. g4 Rg8 32. gxf5 Kh7+ 33.
Kf1 Qg7 34. Ke1 Qg1+ 35. Qf1 Qh2 36. Qa6 Rg1+ 37. Ke2 Qh5+ 38. Kd3 Qf3+ 39. Re3
Qxf5+ 40. Kd2 Qxf2+ 41. Qe2 Qf4 42. Kd3 Rxc1 43. Rf3 Qh4 44. Re3 Qh1 45. c4 Nf5
46. Rxe6 Qh3+ 47. Kd2 Rxc2+ 48. Kxc2 Nxd4+ 0-1

[Event "?"]
[Site "fics unrated blitz game, fics"]
[Date "1998.??.??"]
[Round "?"]
[White "Brause"]
[Black "rradjah"]
[Result "0-1"]
[WhiteElo "2290"]
[BlackElo "1740"]
[PlyCount "143"]

1. e4 e5 2. Nf3 Nc6 3. Nc3 Nf6 4. Nxe5 Nxe5 5. d4 Nc6 6. d5 Ne5 7. f4 Ng6 8. e5
Ng8 9. d6 cxd6 10. exd6 Qa5 11. h4 Qf5 12. Qe2+ Kd8 13. g4 Qe6 14. h5 Bxd6 15.
hxg6 fxg6 16. Qxe6 dxe6 17. Ne4 Be7 18. Be3 Nf6 19. Nxf6 gxf6 20. Bd3 e5 21.
Bxg6 Bxg4 22. fxe5 fxe5 23. Rxh7 Kd7 24. Kd2 Rxh7 25. Bxh7 Rh8 26. Rg1 Rxh7 27.
Rxg4 b6 28. Rg6 Rh3 29. Ke2 Rh4 30. a3 Rh1 31. Rg8 Rb1 32. b3 Bxa3 33. Ra8 Bc5
34. Rxa7+ Ke6 35. Bxc5 bxc5 36. Ke3 Re1+ 37. Kd3 e4+ 38. Kc4 Rc1 39. c3 e3 40.
Ra8 Kf5 41. Re8 Kf4 42. Kd3 Rd1+ 43. Kc4 Kf3 44. Rf8+ Ke2 45. Re8 Rc1 46. b4
cxb4 47. Kxb4 Kf2 48. Rf8+ Ke1 49. c4 e2 50. Kb3 Kd2 51. Rd8+ Ke3 52. Re8+ Kf3
53. Rf8+ Kg4 54. Rg8+ Kf4 55. Rf8+ Kg5 56. Re8 e1=Q 57. Rxe1 Rxe1 58. Kb4 Kf4
59. Kc5 Ke5 60. Kc6 Rb1 61. Kc5 Rb8 62. Kc6 Rc8+ 63. Kb5 Kd4 64. c5 Rxc5+ 65.
Kb4 Re5 66. Kb3 Kd3 67. Kb4 Rf5 68. Kb3 Rb5+ 69. Ka4 Kc4 70. Ka3 Kc3 71. Ka2
Ra5+ 72. Kb1 0-1

[Event "?"]
[Site "fics unrated blitz game, fics"]
[Date "1998.??.??"]
[Round "?"]
[White "Brause"]
[Black "rradjah"]
[Result "1-0"]
[WhiteElo "2290"]
[BlackElo "1740"]
[PlyCount "57"]

1. e4 e5 2. Nf3 Nc6 3. Nc3 Nf6 4. Nxe5 Nxe5 5. d4 Nc6 6. d5 Ne5 7. f4 Ng6 8. e5
Ng8 9. d6 cxd6 10. exd6 Qa5 11. h4 Qf5 12. Qe2+ Kd8 13. g4 Qe6 14. h5 Bxd6 15.
hxg6 fxg6 16. Qxe6 dxe6 17. Ne4 Be7 18. Be3 Nf6 19. Nxf6 gxf6 20. Bd3 e5 21.
Bxg6 Bxg4 22. fxe5 fxe5 23. Rxh7 Kd7 24. Kd2 Rxh7 25. Bxh7 Rh8 26. Rg1 Rxh7 27.
Rxg4 b6 28. Rg6 Rh3 29. Ke2 1-0

[Event "?"]
[Site "fics rated blitz game, fics, "]
[Date "1998.??.??"]
[Round "?"]
[White "Brause"]
[Black "Quart"]
[Result "0-1"]
[WhiteElo "2320"]
[BlackElo "2520"]
[PlyCount "81"]

1. e4 e5 2. Nf3 Nf6 3. Nc3 Nc6 4. Nxe5 Nxe5 5. d4 Ng6 6. e5 Ng8 7. Bc4 Bb4 8.
Qf3 Bxc3+ 9. bxc3 Qe7 10. O-O Rb8 11. Re1 b5 12. Rb1 a6 13. Qg3 Bb7 14. Bg5 Qa3
15. e6 fxe6 16. Bxe6 dxe6 17. Qxc7 Bd5 18. Qxb8+ Kf7 19. Ra1 Nf6 20. Qc7+ Ne7
21. Bc1 Qa4 22. Bf4 Rc8 23. Qa7 Rxc3 24. Bd6 Nfg8 25. Rac1 Qxa2 26. Ra1 Qxc2
27. Qxa6 Rc6 28. Qa3 Qc3 29. Bxe7 Nxe7 30. Qa7 b4 31. Rad1 b3 32. Qb8 Nf5 33.
h3 Rc4 34. Qh8 Bxg2 35. Kxg2 Nh4+ 36. Kh2 Qf3 37. Qxg7+ Kxg7 38. Rg1+ Kf6 39.
Rdf1 b2 40. Rg8 Qf4+ 41. Kg1 0-1

[Event "?"]
[Site "fics rated blitz game, fics, "]
[Date "1998.??.??"]
[Round "?"]
[White "Brause"]
[Black "Quart"]
[Result "1-0"]
[WhiteElo "2315"]
[BlackElo "2520"]
[PlyCount "58"]

1. e4 e5 2. Nf3 Nf6 3. Nc3 Nc6 4. Nxe5 Nxe5 5. d4 Ng6 6. e5 Ng8 7. Bc4 d5 8.
Bxd5 c6 9. Bb3 Bb4 10. O-O N8e7 11. Ne4 O-O 12. c3 Ba5 13. Qh5 Nd5 14. Bg5 Qb6
15. Nd6 h6 16. Bd2 Qc7 17. f4 Bb6 18. Rae1 Rd8 19. Nxc8 Raxc8 20. e6 Nh8 21. f5
a6 22. f6 fxe6 23. fxg7 Nf7 24. Rxe6 Ba5 25. Bxh6 Bxc3 26. bxc3 Qd7 27. Ref6
Rc7 28. Bg5 Qg4 29. Qxg4 Re7 1-0

[Event "?"]
[Site "fics rated blitz game, fics, "]
[Date "1998.??.??"]
[Round "?"]
[White "Brause"]
[Black "Maxbar"]
[Result "1-0"]
[WhiteElo "2335"]
[BlackElo "2145"]
[PlyCount "58"]

1. e4 e5 2. Nf3 Nc6 3. Nc3 Nf6 4. Nxe5 Nxe5 5. d4 Ng6 6. e5 Ng8 7. Bc4 d6 8.
Qf3 Qd7 9. O-O dxe5 10. dxe5 Nxe5 11. Re1 f6 12. Bf4 Bd6 13. Bb5 c6 14. Rad1
Qe6 15. Qg3 Kf8 16. Bxe5 Bxe5 17. f4 cxb5 18. fxe5 Qb6+ 19. Re3 Bf5 20. Rd6 Qc5
21. Rd5 Qc8 22. Qf4 Bxc2 23. Qb4+ Kf7 24. e6+ Qxe6 25. Rxe6 Kxe6 26. Qxb5 Ne7
27. Qe2+ Kf7 28. Rd7 Rhe8 29. Qxc2 h6 1-0

[Event "?"]
[Site "fics rated blitz game, fics, "]
[Date "1998.??.??"]
[Round "?"]
[White "Brause"]
[Black "Maxbar"]
[Result "1-0"]
[WhiteElo "2335"]
[BlackElo "2140"]
[PlyCount "42"]

1. e4 e5 2. Nf3 Nc6 3. Nc3 Nf6 4. Nxe5 Nxe5 5. d4 Ng6 6. e5 Ng8 7. Bc4 d6 8.
Qf3 Qd7 9. O-O dxe5 10. dxe5 Nxe5 11. Re1 Bd6 12. Bf4 f6 13. Bb5 c6 14. Rad1
Qe6 15. Qg3 Kf8 16. Bxe5 Bxe5 17. f4 cxb5 18. fxe5 Qb6+ 19. Re3 Bf5 20. Rd6 Qc5
21. Rd5 Qc8 1-0

[Event "?"]
[Site "fics rated blitz game, fics, "]
[Date "1998.??.??"]
[Round "?"]
[White "Brause"]
[Black "OLMECA"]
[Result "1-0"]
[WhiteElo "2270"]
[BlackElo "1950"]
[PlyCount "68"]

1. e4 e5 2. Nf3 Nc6 3. Nc3 Nf6 4. Nxe5 Nxe5 5. d4 Ng6 6. e5 Qe7 7. f4 d6 8. Be2
dxe5 9. fxe5 Nxe5 10. dxe5 Qxe5 11. O-O Bc5+ 12. Kh1 O-O 13. Bf4 Qe7 14. Bd3 c6
15. Bg5 Be6 16. Rxf6 gxf6 17. Qh5 f5 18. Bxe7 Bxe7 19. Bxf5 Bxf5 20. Qxf5 Rad8
21. Qf4 f5 22. Qg3+ Kh8 23. Qc7 Bd6 24. Qxb7 Rg8 25. Qxa7 Be5 26. Qc5 Bd4 27.
Qxc6 Rg6 28. Qc4 Be5 29. Re1 Bf6 30. b4 Rdg8 31. Nd5 Bh4 32. Qxh4 Rxg2 33. Nf6
R2g7 34. Nxg8 Kxg8 1-0